Pro Wrestling Tag Teams - Statistics

General Stats
  • This quiz has been taken 1,679 times
    771 since last reset
  • The average score is 45 of 76
Answer Stats
Tean Name Team Member #1 Team Member #2 % Correct
Hardy Boys, The Jeff Hardy Matt Hardy
92%
Acolytes, The Bradshaw Farooq
90%
Dudley Boys, The Bubba Ray Dudley D-Von Dudley
88%
Shield, The Roman Reigns & Dean Ambrose Seth Rollins
88%
Uso's, The Jey Uso Jimmy Uso
86%
New Day, The Big E & Xavier Woods Kofi Kingston
86%
New Age Outlaws, The Billy Gunn Road Dogg
86%
Mega Powers, The Hulk Hogan Macho Man Randy Savage
85%
Outsiders, The Kevin Nash Scott Hall
84%
Demolition, The Smash Ax & Crush
83%
Brood, The Edge & Christian Gangrel
83%
Bludgeon Brothers, The Rowan Harper
83%
Hart Foundation, The Bret Hart Jim Neidhart
83%
American Alpha Jason Jordan Chad Gable
81%
Road Warriors, The/Legion of Doom, The Animal Hawk
81%
Steiner Brothers, The Scott Steiner Rick Steiner
79%
Good Brothers, The/Club, The Karl Anderson Luke Gallows
77%
Rockers, The Shawn Michaels Marty Jannetty
76%
Colons, The Epico Colon Primo Colon
73%
Natural Disasters, The Earthquake Typhoon
73%
B-Team, The Bo Dallas Curtis Axel
72%
Too Cool Grandmaster Sexy Scotty Too Hotty
72%
Holly Cousins, The Hardcore Holly Crash Holly
70%
Beer Money Inc. James Storm Bobby Roode
69%
World's Greatest Tag Team, The Shelton Benjamin Charlie Haas
69%
MNM Johnny Nitro Joey Mercury
68%
Young Bucks, The Nick Jackson Matt Jackson
68%
Authors of Pain Akam Rezar
68%
Harlem Heat Booker T Stevie Ray
66%
Ascension, The Konnor Viktor
66%
Jurassic Express Marko Stunt, Luchasaurus Jungle Boy
64%
High Energy Koko B-Ware Owen Hart
64%
Hollywood Blondes, The Steve Austin Brian Pillman
63%
Lucha Dragons, The Sin Cara Kalisto
63%
Undisputed Era, The Adam Cole, Kyle O'Rielly, Bobby Fish Roderick Strong
63%
War Machine/Viking Raiders Hanson/Ivar Rowe/Erik
63%
British Bulldogs, The Davey Boy Smith The Dynamite Kid
63%
Hart Dynasty, The David Hart Smith Tyson Kidd
63%
Wild Samoans, The Sika Afa
62%
Smoking Gunns, The Billy Gunn Bart Gunn
62%
Street Profits, The Angelo Dawkins Montez Ford
62%
Prime Time Players, The Titus O'Neill Darren Young
61%
Money Inc. Ted Dibiase Irwin R. Schyster
61%
Revival, The/FTR Scott Dawson Dash Wilder
60%
Brain Busters, The Arn Anderson Tully Blanchard
60%
Lucha Brothers Rey Fenix Pentagon Jr.
59%
Bushwackers, The Cousin Luke Cousin Butch
57%
Colossal Connection, The Haku Andre the Giant
56%
Blackjacks, The Blackjack Lanza Blackjack Mulligan
54%
Men on a Mission Mo Mabel
54%
Three Minute Warning Rosie Jamal
52%
Motor City Machine Guns, The Alex Shelley Chris Sabin
51%
Vaudevillains, The Aiden English Simon Gotch
51%
Headbangers, The Mosh Thrasher
49%
Nasty Boys, The Brian Knobbs Jerry Saggs
48%
Soul Patrol, The Tony Atlas Rocky Johnson
44%
Strike Force Tito Santana Rick Martel
43%
Headshrinkers, The Fatu Samu
43%
Kaientai Taka Michinoku Sho Funaki
43%
Fabulous Freebirds, The Michael Hayes Terry Gordy, Buddy Roberts and/or Jimmy Garvin
40%
Rock N' Roll Express, The Ricky Morton Robert Gibson
39%
Minnesota Wrecking Crew, The Gene Anderson Ole Anderson
36%
Killer Bees, The Jim Brunzell B. Brian Blair
35%
Power & Glory Hercules Hernandez Paul Roma
35%
Faces of Fear, The Meng The Barbarian
33%
KroniK Brian Adams Bryan Clark
32%
Public Enemy Johnny Grunge Rocco Rock
29%
Impact Players, The Lance Storm Justin Credible
28%
Time Splitters, The Alex Shelley KUSHIDA
28%
American Males Buff Bagwell Scotty Riggs
26%
Eliminators, The Perry Saturn John Kronus
24%
East-West Connection, The Jesse Ventura Adrian Adonis
23%
Full Blooded Italians, The Little Guido Tracy Smothers or Tony Mamaluke
22%
Highlanders, The Rory McAllister Robbie McAllister
17%
Fabulous Ones, The Steve Keirn Stan Lane
15%
High Flyers, The Jim Brunzell Greg Gagne
13%
No matching quizzes found
Score Distribution
Percent of People with Each Score
Percentile by Number Answered
Your Score History
You have not taken this quiz since the last reset